000 00863pam a2200265 4500
999 _c3248
_d3248
003 OSt
005 20210903104023.0
008 730907t19731974nyua b 001 0 eng
020 _a0471312606
040 _cALUPE UNIVERSITY
050 0 0 _aRM300
_b.G63 1974
060 _aQV38 G624p 1973
100 1 _aGoldstein, Avram.
245 1 0 _aPrinciples of drug action;
_bthe basis of pharmacology
_c[by] Avram Goldstein, Lewis Aronow [and] Sumner M. Kalman.
250 _a2d ed.
260 _aNew York,
_bWiley
_c[1973, c1974]
300 _axv, 854 p.
_billus.
_c26 cm.
504 _aIncludes bibliographical references.
650 0 _aDrugs
_xPhysiological effect.
650 2 _aPharmacology.
700 1 _aAronow, Lewis,
_ejoint author.
700 1 _aKalman, Sumner M.,
_ejoint author.
906 _a7
_bcbc
_corignew
_d1
_eocip
_f19
_gy-gencatlg
942 _2lcc
_cBK
_nJO